000 00692nam a2200265Ia 4500
003 OSt
005 20221006145417.0
006 a|||||r|||| 00| 0
007 ta
008 221006b |||||||| |||| 00| 0 eng d
020 _c
_16.95
024 _a14,753
037 _cTextual
040 _aEASL
_cEASL
_beng
041 _2eng
_aeng
082 _aO495,1xI4:g, L5
100 _aLEE Peter H
_967011
245 0 _aSongs of flying dragons
_b A critical reading
260 _aCambridge
_bHarvard University Press
_c1975
300 _a314p.
_ccm.
490 _v KEL
650 _aKEL
942 _hO495,1xI4:g, L5
_cTEXL
_2CC
999 _c1082839
_d1082839